000 00529nam a2200181Ia 4500
003 GCL
008 140319s9999 xx 000 0 eng d
040 _aGCL /
_cGCL
082 0 4 _aCC
_b962.01
_bI A
100 1 _aILBERT, ROBERT
245 1 0 _aALEXANDRIE 1830 - 1930: HISTOIRE D'UNE COMMUNAUTE CITADINE /
_cILBERT, ROBERT
260 _a[S.N] :
_bINSTITUTE FRANCAIS D'ARCHEOLOGIE ORIETAL ،
_c1996
650 0 4 _aEGYPT
650 0 4 _aHISTORY
650 0 4 _aALEXANDRIA
650 0 4 _aALEXANDRIA (EGYPT) - HISTORY
942 _2ddc
_cBK
999 _c13967
_d13967